| 000 | 00648nab a2200229 a 4500 | ||
|---|---|---|---|
| 001 | 64114 | ||
| 003 | 136770 | ||
| 005 | 20201118110101.0 | ||
| 008 | ||||||n9999 ||| || || | ||
| 041 | _aspa | ||
| 100 | _aHerrán, María Teresa | ||
| 245 | 0 |
_aLos medios de comunicacion frente al estado : _bpp.291-299 |
|
| 260 |
_aBogotá : _bEscuela Superior de Administración Pública - ESAP, _c1998. |
||
| 300 | _app.291-299 | ||
| 490 | _aCatedra Alberto Lleras | ||
| 562 | _e0 | ||
| 650 | _aMEDIOS DE COMUNICACIÓN DE MASAS | ||
| 650 | _aROLES | ||
| 773 |
_062700 _aEl Estado en América Latina, hoy |
||
| 942 | _cANACE | ||
| 942 | _cDOC | ||
| 999 |
_c64114 _d64114 |
||